| 000 | 01027nam a2200289Ia 4500 | ||
|---|---|---|---|
| 003 | GCL | ||
| 008 | 140319s9999 xx 000 0 ara d | ||
| 020 | _a8212405977 | ||
| 040 |
_aGCL / _cGCL |
||
| 082 | 0 | 4 |
_a371.91 _bح ك |
| 100 | 1 | _aحسنى الجبالى | |
| 245 | 1 | 0 |
_aالكفيف والاصم بين الاضطهاد والعظمة / _cحسنى الجبالى |
| 260 |
_aالقاهرة : _bمكتبة الانجلوالمصرية ، _c2005 |
||
| 300 |
_a206 ص ؛ _c24 سم |
||
| 490 |
_aسلسلة اصحاب الحقوق الخاصة _v1 |
||
| 650 | 0 | 4 | _aالاطفال بطيئو التعلم |
| 650 | 0 | 4 | _aالمكفوفون |
| 650 | 0 | 4 | _aالاطفال المكفوفين |
| 650 | 0 | 4 | _aالمعوقون |
| 650 | 0 | 4 | _aالمعوقون - رعاية وعلاج |
| 650 | 0 | 4 | _aالاطفال المعوقون |
| 650 | 0 | 4 | _aالمعوقون - تعليم |
| 650 | 0 | 4 | _aالصم - تعليم |
| 650 | 0 | 4 | _aالاطفال الصم - لغة |
| 650 | 0 | 4 | _aالمكفوفون - تعليم |
| 942 |
_2ddc _cBK |
||
| 999 |
_c9813 _d9813 |
||